Visualizzazione normale
Vista MARC
- Di Renzo M., Ferrazzoli F., Sartori L
di Personal Name
Records bibliografici associati: 1
001 - CONTROL NUMBER
- control field: 62836
003 - CONTROL NUMBER IDENTIFIER
- control field:
005 - DATE AND TIME OF LATEST TRANSACTION
- control field: 20251203154821.0
008 - FIXED-LENGTH DATA ELEMENTS
- fixed length control field: 251203|| aca||aabn | a|a d
040 ## - CATALOGING SOURCE
- Original cataloging agency:
- Transcribing agency:
100 ## - HEADING--PERSONAL NAME
- Personal name: Di Renzo M., Ferrazzoli F., Sartori L
670 ## - SOURCE DATA FOUND
- Source citation: Work cat.: ()209979: Bianchi di Castelbianco Federico 62834, L'eros adolescente., 2011